000 01772cam a22004097a 4500
999 _c23010
_d23010
001 13369116
005 20170125123434.0
008 031009s2003 ctua b 001 0 eng d
010 _a 2003113984
015 _aGBA3-V0255
016 7 _a0300102240
_2Uk
020 _a0300102240
035 _a(DLC)13369116
040 _aStDuBDS
_cStDuBDS
_dUk
_dCStRLIN
_dTxFK
_dDLC
042 _alccopycat
043 _ae-uk-en
_ae-it---
050 0 0 _aN5202
_b.G7E88 2003
245 0 4 _aThe evolution of English collecting :
_breceptions of Italian art in the Tudor and Stuart periods /
_cedited and introduced by Edward Chaney.
260 _aNew Haven, Conn. :
_bYale University Press,
_cc2003.
300 _avii, 484 p. :
_bill. ;
_c27 cm.
440 0 _aStudies in British art ;
_v12
500 _a"Published for the Paul Mellon Centre for Studies in British Art, the Yale Center for British Art."
504 _aIncludes bibliographical references and index.
650 0 _aArt
_xCollectors and collecting
_zEngland.
650 0 _aArt, Italian
_xCollectors and collecting
_zEngland.
650 0 _aArt
_xPrivate collections
_zEngland.
700 1 _aChaney, Edward.
710 2 _aPaul Mellon Centre for Studies in British Art.
710 2 _aYale Center for British Art.
856 4 1 _3Table of contents
_uhttp://www.loc.gov/catdir/toc/fy051/2003113984.html
942 _2lcc
_cBOOKS
_hN5202 .G7E88 2003